| 000 | 00384cam a22001457a 4500 | ||
|---|---|---|---|
| 008 | 180718b1995 xxu||||| |||| 00| 0 eng d | ||
| 020 | _a8122004008 | ||
| 082 | _aP14 Si64 | ||
| 245 |
_aThe craft of teaching _cedited by Amrik Singh |
||
| 260 |
_aNew Delhi _bKonark _c1995 |
||
| 300 | _a210p. | ||
| 650 | _aTeaching,Freedom of India | ||
| 650 | _aTeaching | ||
| 700 | _aAmrik Singh, ed. | ||
| 999 |
_c377865 _d377865 |
||